00210nam a22000977a 4500003000400000082000800004100001800012245004000030260003400070300000800104SGT bNIG aNIGAM, DEVESH aTOURISM ENVIRONMENT AND DEVELOPMENT bA MITTAL BOOK PUBLISHERc2002 a176